Central Library OPAC University of Rajshahi

Collective bargaining in African countries / (Record no. 43626)

MARC details
000 -LEADER
fixed length control field 00899nam a2200253 a 4500
001 - CONTROL NUMBER
control field 43626
003 - CONTROL NUMBER IDENTIFIER
rucl marc code BD-RjUL
005 - DATE AND TIME OF LATEST TRANSACTION
control field 20211209053727.0
008 - FIXED-LENGTH DATA ELEMENTS--GENERAL INFORMATION
fixed length control field 160625s1967 enk 001 0 eng
035 ## - SYSTEM CONTROL NUMBER
System control number (BD-RjUL)43744
System control number (OCoLC)232807
040 ## - CATALOGING SOURCE
Original cataloging agency DLC
Transcribing agency OCoLC
Modifying agency OCoLC
-- Uk
-- DLC
-- BD-RjUL
Language of cataloging eng
041 ## - LANGUAGE CODE
Language code of text/sound track or separate title eng
082 ## - DEWEY DECIMAL CLASSIFICATION NUMBER
Classification number 331.890967
Author mark and year ROC 1967
100 1# - MAIN ENTRY--PERSONAL NAME
Personal name Roberts, B. C.
Fuller form of name (Benjamin Charles),
Dates associated with a name 1917-
9 (RLIN) 134035
245 10 - TITLE STATEMENT
Title Collective bargaining in African countries /
Statement of responsibility, etc. B. C. Roberts and L. Greyfie De Bellecombe
260 ## - PUBLICATION, DISTRIBUTION, ETC. (IMPRINT)
Place of publication, distribution, etc. London :
Name of publisher, distributor, etc. Macmillan,
Place of publication, distribution, etc. New York :
Name of publisher, distributor, etc. St. Martin's Press,
Date of publication, distribution, etc. 1967.
300 ## - PHYSICAL DESCRIPTION
Pagination xviii, 158 p. ;
Size 22 cm.
500 ## - GENERAL NOTE
General note Includes index
650 #0 - SUBJECT ADDED ENTRY--TOPICAL TERM
Topical term or geographic name as entry element Collective bargaining
Geographic subdivision Africa, Sub-Saharan.
9 (RLIN) 134036
700 2# - ADDED ENTRY--PERSONAL NAME
Personal name Greyfié de Bellecombe, Louis,
Relator term joint author.
710 2# - ADDED ENTRY--CORPORATE NAME
Corporate name or jurisdiction name as entry element International Institute for Labour Studies
9 (RLIN) 134038
942 ## - ADDED ENTRY ELEMENTS (KOHA)
Source of classification or shelving scheme Dewey Decimal Classification
Koha item type Books
Holdings
Lost status Source of classification or shelving scheme Damaged status Not for loan Collection code Permanent Location Current Location Shelving location Date acquired Source of acquisition Cost, normal purchase price Total Checkouts Full call number Date last seen Copy number Koha item type
  Dewey Decimal Classification     Non-fiction Central Library, University of Rajshahi Central Library, University of Rajshahi   04/12/1968 Zeitlinger 36.00   331.890967 ROC 1967 25/06/2016 C-2 Books